[Event "First Saturday 2011 december GM"]
[Site "Budapest"]
[Date "2011.12.11"]
[Round "9"]
[White "Czebe, Attila"]
[Black "Simonian, Hrair"]
[Result "1/2-1/2"]
[WhiteElo "2503"]
[BlackElo "2468"]
[PlyCount "24"]
[EventDate "2011.12.03"]

1. e4 e5 2. Nf3 Nf6 3. Nxe5 d6 4. Nf3 Nxe4 5. Qe2 Qe7 6. d3 Nf6 7. Bg5 Qxe2+ 8.
Bxe2 Be7 9. Nc3 Be6 10. O-O Nc6 11. a3 Nd5 12. Nxd5 Bxd5 1/2-1/2

[Event "First Saturday 2011 december GM"]
[Site "Budapest"]
[Date "2011.12.11"]
[Round "9"]
[White "Rodrigez, Lopez R"]
[Black "Szablowski, Pawel"]
[Result "1/2-1/2"]
[WhiteElo "2296"]
[BlackElo "2433"]
[PlyCount "117"]
[EventDate "2011.12.03"]

1. Nf3 e6 2. g3 f5 3. Bg2 Nf6 4. O-O d5 5. c4 c6 6. b3 Be7 7. d4 O-O 8. Ba3
Nbd7 9. Bxe7 Qxe7 10. Qc1 b6 11. Qa3 Qxa3 12. Nxa3 Ba6 13. Rfd1 Rac8 14. e3 Ne4
15. Rac1 h6 16. Ne1 g5 17. f3 Nef6 18. Nd3 Rfe8 19. b4 Bb7 20. Ne5 Red8 21.
Nxd7 Rxd7 22. c5 Ba6 23. cxb6 axb6 24. b5 cxb5 25. Rxc8+ Bxc8 26. Nxb5 Rd8 27.
Rc1 Bd7 28. Na7 Kf8 29. Bf1 Ra8 30. Rc7 Ke7 31. Rb7 Kd8 32. Nb5 Rxa2 33. Rb8+
Ke7 34. Rxb6 g4 35. f4 Ne4 36. Rb7 Nd2 37. Be2 Ra1+ 38. Kg2 Rb1 39. Ra7 Rb2 40.
Nc3 Nc4 41. Kf2 Rc2 42. Nd1 Nd6 43. Ke1 Kd8 44. Ra8+ Bc8 45. Nf2 Kc7 46. Ra1
Rc3 47. Kd2 Rb3 48. Ra2 Kb6 49. Rc2 Bd7 50. Rc3 Rb4 51. Kc1 Bb5 52. Bxb5 Rxb5
53. Nd3 Ne4 54. Rc8 Kb7 55. Rc2 Rb3 56. Rb2 Rxb2 57. Kxb2 Kc7 58. Kc2 Kd6 59.
Ne5 1/2-1/2

[Event "First Saturday 2011 december GM"]
[Site "Budapest"]
[Date "2011.12.11"]
[Round "9"]
[White "Keschitz, Gyorgy"]
[Black "Kargin, Arseny"]
[Result "0-1"]
[WhiteElo "2315"]
[BlackElo "2411"]
[PlyCount "46"]
[EventDate "2011.12.03"]

1. Nf3 Nf6 2. d3 d5 3. Nbd2 Bf5 4. Nh4 Bd7 5. g3 e5 6. Bg2 Nc6 7. e4 Bg4 8.
Nhf3 dxe4 9. dxe4 Nxe4 10. Nxe4 Qxd1+ 11. Kxd1 Nd4 12. Neg5 e4 13. Re1 O-O-O
14. Nxf7 exf3 15. Bf1 Bb4 16. Nxd8 Bxe1 17. Nf7 Re8 18. Be3 Rxe3 19. fxe3 f2+
20. Kc1 Nf3 21. h3 Be6 22. Nh8 Nd2 23. Bd3 Bc4 0-1

[Event "First Saturday 2011 december GM"]
[Site "Budapest"]
[Date "2011.12.11"]
[Round "9"]
[White "Kislik, Erik A"]
[Black "Antipov, Mikhail A"]
[Result "1/2-1/2"]
[WhiteElo "2371"]
[BlackElo "2428"]
[PlyCount "31"]
[EventDate "2011.12.03"]

1. d4 d5 2. c4 e6 3. Nc3 Be7 4. cxd5 exd5 5. Bf4 Nf6 6. e3 Bf5 7. Qb3 Nc6 8.
Qxb7 Nb4 9. Bb5+ Kf8 10. Rc1 a6 11. Be2 Ne8 12. a3 Rb8 13. Qa7 Ra8 14. Qb7 Rb8
15. Qa7 Ra8 16. Qb7 1/2-1/2